000 00620nam a2200217Ia 4500
003 GCL
008 140319s9999 xx 000 0 ara d
040 _aGCL /
_cGCL
082 0 4 _a808.068
_bع ف
100 1 _aعلى الحديدى
245 1 0 _aفى ادب الاطفال /
_cعلى الحديدى
250 _aالسادسة
260 _a[S.N] :
_bمكتبة الانجلوالمصرية ،
_c1991
300 _a463 ص ؛
_c22 سم
490 _a
650 0 4 _aالادب العربى
650 0 4 _aالاطفال
650 0 4 _aادب الاطفال
650 0 4 _aتاريخ ونقد
942 _2ddc
_cBK
999 _c31899
_d31899